Statistics for Noah Kahan - Come Over Lyrics

Click here to take the quiz!

General Stats

  • This quiz has been taken 64 times
    (57 since last reset)
  • The average score is 251 of 268

Answer Stats

Answer% Correct
be
100%
go
100%
I
100%
In
100%
in
100%
is
100%
It
100%
it
100%
its
100%
the
100%
The
100%
we
100%
you
100%
You
100%
your
100%
a
97%
And
97%
business
97%
Come
97%
cryin'
97%
house
97%
I'm
97%
interest
97%
know
97%
like
97%
look
97%
losin'
97%
mouth
97%
my
97%
My
97%
of
97%
on
97%
over
97%
that
97%
there
97%
there's
97%
they
97%
to
97%
was
97%
when
97%
who
97%
about
94%
are
94%
coffin
94%
designed
94%
Don't
94%
don't
94%
eyes
94%
garden
94%
got
94%
kid
94%
leave
94%
market
94%
sad
94%
So
94%
speak
94%
street
94%
under
94%
windows
94%
barely
91%
big
91%
buried
91%
clearin'
91%
crashed
91%
each
91%
enough
91%
foot
91%
for
91%
garage
91%
have
91%
out
91%
process
91%
profit
91%
stock
91%
time
91%
turn
91%
won't
91%
ain't
89%
bad
89%
But
89%
but
89%
cobwebs
89%
cool
89%
family
89%
feels
89%
fit
89%
gets
89%
here
89%
kinda
89%
mention
89%
morning
89%
Oh
89%
weather
89%
will
89%
at
86%
back
86%
darlin'
86%
fortress
86%
kids
86%
much
86%
school
86%
tell
86%
view
86%
words
86%
ever
83%
fallin'
83%
good
83%
Jones
83%
just
83%
other
83%
promise
83%
speakin'
83%
want
83%
Dow
80%
gonna
80%
guess
80%
keeps
80%
people
80%
rich
80%
somebody
80%
Someday
80%
takin'
80%
With
80%
block
77%
we'll
77%
missin'
74%
went
74%
wrong
71%
Balch
69%
meds
69%
strike
66%
dad'll
60%

Score Distribution

Percentile by Number Answered

Percent of People with Each Score

Your Score History

You have not taken this quiz since the last reset